[Event "Landsturneringen 2017"]
[Site "Clarion Energy Hotel, Stavanger"]
[Date "2017.07.04"]
[Round "5"]
[White "Haldorsen, Benjamin"]
[Black "Risting, Eivind Olav"]
[Result "1/2-1/2"]
[WhiteElo "2356"]
[BlackElo "2295"]
[PlyCount "95"]

1. e4 {[%clk 1:30:37]} e6 {[%clk 1:30:35]} 2. d4 {[%clk 1:30:44]} d5
{[%clk 1:30:58]} 3. Nd2 {[%clk 1:30:50]} a6 {[%clk 1:28:54]} 4. Bd3
{[%clk 1:30:26]} c5 {[%clk 1:28:42]} 5. c3 {[%clk 1:30:43]} Nc6 {[%clk 1:27:04]}
6. Ngf3 {[%clk 1:30:55]} cxd4 {[%clk 1:24:06]} 7. cxd4 {[%clk 1:31:16]} dxe4
{[%clk 1:22:26]} 8. Nxe4 {[%clk 1:30:56]} Be7 {[%clk 1:12:47]} 9. O-O
{[%clk 1:31:10]} Nf6 {[%clk 1:13:11]} 10. Be3 {[%clk 1:29:26]} O-O
{[%clk 1:12:03]} 11. Rc1 {[%clk 1:28:43]} Nb4 {[%clk 1:07:57]} 12. Nxf6+
{[%clk 1:27:10]} Bxf6 {[%clk 1:07:38]} 13. Bb1 {[%clk 1:27:15]} Bd7
{[%clk 0:55:44]} 14. Ne5 {[%clk 1:20:19]} Bb5 {[%clk 0:51:06]} 15. Re1
{[%clk 1:19:44]} Bxe5 {[%clk 0:44:20]} 16. dxe5 {[%clk 1:20:03]} Qxd1
{[%clk 0:43:44]} 17. Rexd1 {[%clk 1:18:09]} Rfd8 {[%clk 0:41:16]} 18. a3
{[%clk 1:12:46]} Nd3 {[%clk 0:37:57]} 19. Bxd3 {[%clk 1:12:25]} Rxd3
{[%clk 0:34:36]} 20. Rxd3 {[%clk 1:12:10]} Bxd3 21. Rc7 {[%clk 1:12:02]} Be4
{[%clk 0:34:50]} 22. f3 {[%clk 1:12:25]} Bc6 {[%clk 0:34:28]} 23. Kf2
{[%clk 1:12:42]} h6 {[%clk 0:34:29]} 24. Bb6 {[%clk 1:10:49]} a5 {[%clk 0:32:20]}
25. Ke3 {[%clk 1:08:19]} a4 {[%clk 0:31:17]} 26. h4 {[%clk 1:08:13]} Ra6
{[%clk 0:21:25]} 27. Bd4 {[%clk 1:07:09]} Ra8 {[%clk 0:19:43]} 28. h5
{[%clk 1:06:29]} Rd8 {[%clk 0:19:34]} 29. Bc5 {[%clk 0:59:40]} Rd1
{[%clk 0:17:20]} 30. Rc8+ {[%clk 0:57:19]} Kh7 {[%clk 0:17:47]} 31. Bd4
{[%clk 0:43:03]} Rh1 {[%clk 0:15:36]} 32. Rf8 {[%clk 0:43:17]} Rxh5
{[%clk 0:15:44]} 33. Rxf7 {[%clk 0:43:42]} Rh1 {[%clk 0:14:48]} 34. Bc3
{[%clk 0:39:54]} Rg1 {[%clk 0:14:24]} 35. Kf2 {[%clk 0:40:16]} Rd1
{[%clk 0:14:26]} 36. g4 {[%clk 0:36:56]} Kg8 {[%clk 0:13:24]} 37. Rf4
{[%clk 0:30:52]} Rd3 {[%clk 0:12:34]} 38. Ke2 {[%clk 0:30:50]} Bb5
{[%clk 0:12:19]} 39. Rb4 {[%clk 0:29:57]} Rd5+ {[%clk 0:12:11]} 40. Ke3
{[%clk 0:29:19]} Bc6 {[%clk 0:12:06]} 41. f4 {[%clk 0:29:14]} Rd1
{[%clk 0:07:22]} 42. f5 {[%clk 0:28:41]} Kf7 {[%clk 0:05:45]} 43. f6
{[%clk 0:27:13]} Rf1 {[%clk 0:03:21]} 44. Ke2 {[%clk 0:25:30]} Rg1
{[%clk 0:02:47]} 45. Rf4 {[%clk 0:24:23]} Rg3 {[%clk 0:00:44]} 46. Kf2
{[%clk 0:23:34]} Rg2+ {[%clk 0:00:53]} 47. Kf1 {[%clk 0:23:59]} Rg3
{[%clk 0:01:06]} 48. Kf2 {[%clk 0:23:20]}
1/2-1/2

[Event "Landsturneringen 2017"]
[Site "Clarion Energy Hotel, Stavanger"]
[Date "2017.07.04"]
[Round "5"]
[White "Aulin-Jansson, Jøran"]
[Black "Tryggestad, Andreas G"]
[Result "1-0"]
[WhiteElo "2267"]
[BlackElo "2314"]
[PlyCount "83"]

1. e4 {[%clk 1:30:56]} c5 {[%clk 1:30:55]} 2. Nc3 {[%clk 1:31:22]} e6
{[%clk 1:31:21]} 3. f4 {[%clk 1:31:45]} a6 {[%clk 1:31:46]} 4. g3
{[%clk 1:32:07]} b5 {[%clk 1:32:12]} 5. Bg2 {[%clk 1:32:31]} Bb7 {[%clk 1:32:35]}
6. d3 {[%clk 1:32:54]} d5 {[%clk 1:33:02]} 7. Nf3 {[%clk 1:33:19]} b4
{[%clk 1:32:51]} 8. Ne2 {[%clk 1:33:42]} dxe4 {[%clk 1:33:15]} 9. Ng5
{[%clk 1:34:07]} exd3 {[%clk 1:32:30]} 10. Bxb7 {[%clk 1:34:29]} Ra7
{[%clk 1:32:54]} 11. Be4 {[%clk 1:34:50]} dxe2 {[%clk 1:33:01]} 12. Qxd8+
{[%clk 1:35:11]} Kxd8 {[%clk 1:33:26]} 13. Nxh7 {[%clk 1:35:33]} Be7
{[%clk 1:30:43]} 14. Ng5 {[%clk 1:29:44]} Ke8 {[%clk 1:27:40]} 15. Kxe2
{[%clk 1:26:08]} f5 {[%clk 1:28:02]} 16. Bd3 {[%clk 1:25:57]} Bxg5
{[%clk 1:28:22]} 17. fxg5 {[%clk 1:26:22]} Ne7 {[%clk 1:27:03]} 18. Be3
{[%clk 1:24:25]} Nd7 {[%clk 1:26:44]} 19. a3 {[%clk 1:24:02]} Nd5
{[%clk 1:26:28]} 20. Bf2 {[%clk 1:23:22]} Kf7 {[%clk 1:21:55]} 21. h4
{[%clk 1:21:16]} Rc8 {[%clk 1:19:15]} 22. Rhd1 {[%clk 1:02:44]} N7b6
{[%clk 1:15:48]} 23. Kf1 {[%clk 0:59:15]} a5 {[%clk 1:06:57]} 24. b3
{[%clk 0:53:39]} Nc3 {[%clk 1:03:52]} 25. Re1 {[%clk 0:47:20]} Ncd5
{[%clk 0:51:35]} 26. Re5 {[%clk 0:37:06]} Raa8 {[%clk 0:49:51]} 27. axb4
{[%clk 0:33:44]} axb4 {[%clk 0:45:33]} 28. Rxa8 {[%clk 0:33:44]} Rxa8
{[%clk 0:45:49]} 29. Bxc5 {[%clk 0:33:54]} Nd7 {[%clk 0:46:14]} 30. Rxd5
{[%clk 0:34:01]} exd5 {[%clk 0:46:42]} 31. Bxb4 {[%clk 0:34:22]} Ke6
{[%clk 0:47:07]} 32. Bc3 {[%clk 0:21:23]} g6 {[%clk 0:47:12]} 33. g4
{[%clk 0:19:39]} Ne5 {[%clk 0:43:18]} 34. gxf5+ {[%clk 0:19:28]} gxf5
{[%clk 0:43:45]} 35. h5 {[%clk 0:16:26]} Nf3 {[%clk 0:39:02]} 36. g6
{[%clk 0:13:01]} d4 {[%clk 0:38:52]} 37. Bb2 {[%clk 0:05:14]} Rd8
{[%clk 0:32:37]} 38. h6 {[%clk 0:02:36]} Nh2+ {[%clk 0:03:35]} 39. Ke2
{[%clk 0:02:33]} Kf6 {[%clk 0:03:49]} 40. g7 {[%clk 0:02:14]} Re8+
{[%clk 0:04:09]} 41. Kd1 {[%clk 0:01:22]} Kg6 {[%clk 0:27:53]} 42. Bc4
{[%clk 0:29:49]}
1-0

[Event "Landsturneringen 2017"]
[Site "Clarion Energy Hotel, Stavanger"]
[Date "2017.07.04"]
[Round "5"]
[White "Arvola, Benjamin"]
[Black "Løvik, Lasse Østebø"]
[Result "1-0"]
[WhiteElo "2435"]
[BlackElo "2400"]
[PlyCount "77"]

1. e4 {[%clk 1:30:58]} e6 {[%clk 1:30:46]} 2. d4 {[%clk 1:31:22]} d5
{[%clk 1:31:11]} 3. Nd2 {[%clk 1:31:47]} Nf6 {[%clk 1:31:31]} 4. e5
{[%clk 1:32:13]} Nfd7 {[%clk 1:31:57]} 5. Bd3 {[%clk 1:32:34]} c5
{[%clk 1:32:19]} 6. c3 {[%clk 1:32:58]} Nc6 {[%clk 1:32:42]} 7. Ne2
{[%clk 1:33:21]} cxd4 {[%clk 1:33:05]} 8. cxd4 {[%clk 1:33:47]} f6
{[%clk 1:33:27]} 9. exf6 {[%clk 1:34:01]} Nxf6 {[%clk 1:33:12]} 10. O-O
{[%clk 1:34:24]} Bd6 {[%clk 1:33:39]} 11. Nf3 {[%clk 1:34:48]} Qc7
{[%clk 1:34:04]} 12. h3 {[%clk 1:35:06]} O-O {[%clk 1:33:51]} 13. Be3
{[%clk 1:35:32]} Bd7 {[%clk 1:31:29]} 14. Re1 {[%clk 1:35:56]} Rac8
{[%clk 1:29:15]} 15. Rc1 {[%clk 1:29:16]} Qb8 {[%clk 1:22:49]} 16. Nc3
{[%clk 1:24:44]} a6 {[%clk 1:11:35]} 17. Bb1 {[%clk 1:04:50]} b5 {[%clk 1:08:27]}
18. Qd3 {[%clk 0:42:51]} Nb4 {[%clk 0:31:15]} 19. Qd2 {[%clk 0:40:15]} Nc6
{[%clk 0:30:45]} 20. Bg5 {[%clk 0:29:12]} Nh5 {[%clk 0:28:15]} 21. Ne5
{[%clk 0:12:54]} Nxe5 {[%clk 0:23:56]} 22. dxe5 {[%clk 0:13:14]} Bc5
{[%clk 0:10:03]} 23. Nd1 {[%clk 0:09:29]} Qa7 {[%clk 0:04:04]} 24. g4
{[%clk 0:06:30]} Ng3 {[%clk 0:02:28]} 25. Rxc5 {[%clk 0:06:54]} Qxc5
{[%clk 0:02:42]} 26. Be3 {[%clk 0:07:20]} d4 {[%clk 0:02:34]} 27. Bxd4
{[%clk 0:07:13]} Qd5 {[%clk 0:00:48]} 28. fxg3 {[%clk 0:07:37]} Rc4
{[%clk 0:00:38]} 29. Bc3 {[%clk 0:06:12]} Qf3 {[%clk 0:00:34]} 30. Qd3
{[%clk 0:06:15]} g6 {[%clk 0:00:57]} 31. Qxf3 {[%clk 0:05:52]} Rxf3
{[%clk 0:01:25]} 32. Re3 {[%clk 0:06:14]} Rf8 {[%clk 0:01:51]} 33. Nf2
{[%clk 0:05:37]} b4 {[%clk 0:01:28]} 34. Bd3 {[%clk 0:03:50]} bxc3
{[%clk 0:01:53]} 35. Bxc4 {[%clk 0:04:17]} cxb2 {[%clk 0:02:19]} 36. Rb3
{[%clk 0:03:58]} Rc8 {[%clk 0:02:41]} 37. Bd3 {[%clk 0:04:10]} Rc1+
{[%clk 0:02:28]} 38. Kh2 {[%clk 0:04:26]} Bb5 {[%clk 0:02:45]} 39. Rxb2
{[%clk 0:04:35]}
1-0

[Event "Landsturneringen 2017"]
[Site "Clarion Energy Hotel, Stavanger"]
[Date "2017.07.04"]
[Round "5"]
[White "Kaasen, Tor Fredrik"]
[Black "Fossan, Erik"]
[Result "1/2-1/2"]
[WhiteElo "2402"]
[BlackElo "2347"]
[PlyCount "68"]

1. d4 {[%clk 1:30:54]} Nf6 {[%clk 1:30:56]} 2. c4 {[%clk 1:31:15]} e6
{[%clk 1:31:24]} 3. Nf3 {[%clk 1:31:33]} c5 {[%clk 1:31:49]} 4. d5
{[%clk 1:31:57]} b5 {[%clk 1:32:16]} 5. e4 {[%clk 1:32:20]} Nxe4 {[%clk 1:32:04]}
6. Bd3 {[%clk 1:32:42]} Nf6 {[%clk 1:30:41]} 7. Nc3 {[%clk 1:32:57]} bxc4
{[%clk 1:27:31]} 8. Bxc4 {[%clk 1:33:20]} Ba6 {[%clk 1:27:52]} 9. Bxa6
{[%clk 1:33:43]} Nxa6 {[%clk 1:28:19]} 10. O-O {[%clk 1:34:07]} Nc7
{[%clk 1:25:54]} 11. Bg5 {[%clk 1:32:28]} d6 {[%clk 1:20:48]} 12. Re1
{[%clk 1:29:19]} Be7 {[%clk 1:16:05]} 13. dxe6 {[%clk 1:22:58]} fxe6
{[%clk 0:49:07]} 14. Bxf6 {[%clk 1:22:23]} Bxf6 {[%clk 0:40:00]} 15. Nd5
{[%clk 1:22:23]} O-O {[%clk 0:31:12]} 16. Nxc7 {[%clk 1:21:25]} Qxc7
{[%clk 0:31:41]} 17. Rxe6 {[%clk 1:21:46]} Rab8 {[%clk 0:30:46]} 18. Rb1
{[%clk 1:13:19]} Bxb2 {[%clk 0:29:04]} 19. Qd5 {[%clk 1:03:23]} Qf7
{[%clk 0:25:50]} 20. Rf1 {[%clk 0:58:19]} Bf6 {[%clk 0:25:30]} 21. Rfe1
{[%clk 0:48:23]} Rbc8 {[%clk 0:23:38]} 22. Qxd6 {[%clk 0:45:54]} c4
{[%clk 0:23:17]} 23. Qd2 {[%clk 0:42:55]} c3 {[%clk 0:22:26]} 24. Qc2
{[%clk 0:42:20]} Rb8 {[%clk 0:13:47]} 25. Qa4 {[%clk 0:40:53]} Rb2
{[%clk 0:04:45]} 26. Re8 {[%clk 0:36:53]} g6 {[%clk 0:02:09]} 27. Rxf8+
{[%clk 0:32:58]} Kxf8 {[%clk 0:02:36]} 28. h4 {[%clk 0:30:31]} c2
{[%clk 0:02:05]} 29. Nd4 {[%clk 0:28:54]} Bxd4 {[%clk 0:01:15]} 30. Qxd4
{[%clk 0:29:12]} Rb1 {[%clk 0:01:37]} 31. Qh8+ {[%clk 0:25:02]} Qg8
{[%clk 0:02:05]} 32. Qf6+ {[%clk 0:25:26]} Qf7 {[%clk 0:02:27]} 33. Qh8+
{[%clk 0:25:49]} Qg8 {[%clk 0:02:52]} 34. Qf6+ {[%clk 0:26:14]} Qf7
{[%clk 0:03:18]}
1/2-1/2

[Event "Landsturneringen 2017"]
[Site "Clarion Energy Hotel, Stavanger"]
[Date "2017.07.04"]
[Round "5"]
[White "Grønn, Atle"]
[Black "Machlik, Endre"]
[Result "1-0"]
[WhiteElo "2331"]
[BlackElo "2194"]
[PlyCount "91"]

1. Nf3 {[%clk 1:30:58]} d5 {[%clk 1:30:55]} 2. d4 {[%clk 1:31:15]} Nf6
{[%clk 1:31:04]} 3. c4 {[%clk 1:31:33]} c6 {[%clk 1:31:23]} 4. e3
{[%clk 1:31:37]} Bf5 {[%clk 1:31:20]} 5. Nc3 {[%clk 1:31:41]} e6 {[%clk 1:30:41]}
6. Nh4 {[%clk 1:31:56]} Be4 {[%clk 1:21:34]} 7. f3 {[%clk 1:32:09]} Bg6
{[%clk 1:20:47]} 8. Qb3 {[%clk 1:30:50]} Qc7 {[%clk 1:18:24]} 9. Nxg6
{[%clk 1:28:47]} hxg6 {[%clk 1:18:45]} 10. g3 {[%clk 1:23:58]} Bd6
{[%clk 1:13:26]} 11. f4 {[%clk 1:24:14]} Ng4 {[%clk 1:02:06]} 12. Be2
{[%clk 1:16:12]} Nf6 {[%clk 0:50:41]} 13. Bf3 {[%clk 1:12:58]} Nbd7
{[%clk 0:49:47]} 14. Bd2 {[%clk 1:12:22]} Rc8 {[%clk 0:43:10]} 15. c5
{[%clk 1:02:08]} Be7 {[%clk 0:43:28]} 16. Qc2 {[%clk 1:02:15]} b6
{[%clk 0:41:41]} 17. b4 {[%clk 1:00:32]} a5 {[%clk 0:41:07]} 18. a3
{[%clk 0:56:44]} Ra8 {[%clk 0:28:48]} 19. O-O {[%clk 0:55:57]} O-O
{[%clk 0:27:55]} 20. g4 {[%clk 0:53:41]} g5 {[%clk 0:17:47]} 21. Kh1
{[%clk 0:37:06]} g6 {[%clk 0:15:33]} 22. Rae1 {[%clk 0:23:54]} Kg7
{[%clk 0:13:27]} 23. e4 {[%clk 0:22:03]} dxe4 {[%clk 0:12:00]} 24. Nxe4
{[%clk 0:21:21]} Nd5 {[%clk 0:10:33]} 25. fxg5 {[%clk 0:19:04]} Rh8
{[%clk 0:10:01]} 26. Rf2 {[%clk 0:18:33]} axb4 {[%clk 0:09:49]} 27. Bxb4
{[%clk 0:17:25]} b5 {[%clk 0:07:47]} 28. Qd2 {[%clk 0:13:14]} Rh3
{[%clk 0:04:42]} 29. Ref1 {[%clk 0:12:09]} Rf8 {[%clk 0:01:33]} 30. Kg1
{[%clk 0:09:23]} Qd8 {[%clk 0:00:42]} 31. Bg2 {[%clk 0:08:33]} Rh7
{[%clk 0:00:38]} 32. h3 {[%clk 0:07:01]} Qc7 {[%clk 0:00:31]} 33. Rf3
{[%clk 0:04:38]} Kg8 {[%clk 0:00:37]} 34. Qf2 {[%clk 0:02:50]} Qb8
{[%clk 0:00:31]} 35. h4 {[%clk 0:01:34]} Qc7 {[%clk 0:00:31]} 36. Nf6+
{[%clk 0:01:35]} N7xf6 {[%clk 0:00:45]} 37. gxf6 {[%clk 0:02:03]} Bd8
{[%clk 0:00:41]} 38. Bd2 {[%clk 0:01:41]} Qb8 {[%clk 0:00:48]} 39. Bg5
{[%clk 0:01:02]} Bc7 {[%clk 0:00:54]} 40. Rh3 {[%clk 0:00:49]} Kh8
{[%clk 0:00:34]} 41. h5 {[%clk 0:21:45]} gxh5 {[%clk 0:23:50]} 42. Be4
{[%clk 0:21:17]} Rg8 {[%clk 0:24:15]} 43. Qh4 {[%clk 0:14:51]} Nf4
{[%clk 0:21:08]} 44. Bxf4 {[%clk 0:13:26]} Bxf4 {[%clk 0:20:49]} 45. Qxh5
{[%clk 0:12:25]} Bh6 {[%clk 0:17:23]} 46. Bxh7 {[%clk 0:12:14]}
1-0

[Event "Landsturneringen 2017"]
[Site "Clarion Energy Hotel, Stavanger"]
[Date "2017.07.05"]
[Round "6"]
[White "Hammer, Jon Ludvig"]
[Black "Christiansen, Johan-Sebastian"]
[Result "1-0"]
[WhiteElo "2628"]
[BlackElo "2458"]
[PlyCount "73"]

1. c4 {[%clk 1:30:57]} e5 {[%clk 1:30:58]} 2. Nc3 {[%clk 1:31:14]} Bb4
{[%clk 1:31:25]} 3. Nd5 {[%clk 1:31:31]} Bc5 {[%clk 1:31:54]} 4. e3
{[%clk 1:31:17]} Nf6 {[%clk 1:31:27]} 5. b4 {[%clk 1:31:37]} Bf8 {[%clk 1:28:52]}
6. Bb2 {[%clk 1:22:14]} Nxd5 {[%clk 1:25:42]} 7. cxd5 {[%clk 1:22:01]} d6
{[%clk 1:19:40]} 8. d4 {[%clk 1:18:00]} Be7 {[%clk 1:15:20]} 9. Bd3
{[%clk 1:13:53]} exd4 {[%clk 1:05:22]} 10. Bxd4 {[%clk 1:13:33]} Bf6
{[%clk 1:05:51]} 11. Ne2 {[%clk 1:03:17]} c6 {[%clk 0:57:04]} 12. O-O
{[%clk 0:56:09]} O-O {[%clk 0:56:26]} 13. Rc1 {[%clk 0:31:03]} Bg4
{[%clk 0:50:28]} 14. Qb3 {[%clk 0:27:47]} Be5 {[%clk 0:45:53]} 15. Rfd1
{[%clk 0:22:38]} Bxd4 {[%clk 0:45:22]} 16. exd4 {[%clk 0:21:06]} Qg5
{[%clk 0:42:32]} 17. h3 {[%clk 0:20:19]} Bf5 {[%clk 0:37:52]} 18. Bxf5
{[%clk 0:18:11]} Qxf5 {[%clk 0:38:20]} 19. Ng3 {[%clk 0:18:26]} Qxd5
{[%clk 0:17:52]} 20. Qxd5 {[%clk 0:18:00]} cxd5 {[%clk 0:18:21]} 21. Nf5
{[%clk 0:15:50]} Nc6 {[%clk 0:17:25]} 22. b5 {[%clk 0:16:11]} Na5
{[%clk 0:17:44]} 23. Rc7 {[%clk 0:16:13]} Rfe8 {[%clk 0:14:08]} 24. Nxd6
{[%clk 0:07:13]} Re2 {[%clk 0:14:23]} 25. a4 {[%clk 0:07:08]} Rb8
{[%clk 0:06:35]} 26. Rd3 {[%clk 0:03:54]} Ra2 {[%clk 0:03:05]} 27. Re3
{[%clk 0:03:06]} Rf8 {[%clk 0:00:45]} 28. Ree7 {[%clk 0:03:25]} Nb3
{[%clk 0:00:51]} 29. Nxf7 {[%clk 0:03:41]} Ra1+ {[%clk 0:01:08]} 30. Kh2
{[%clk 0:04:06]} Nd2 {[%clk 0:01:37]} 31. h4 {[%clk 0:03:10]} Ne4
{[%clk 0:00:47]} 32. Nh6+ {[%clk 0:03:09]} Kh8 {[%clk 0:01:17]} 33. Nf7+
{[%clk 0:02:58]} Kg8 {[%clk 0:01:46]} 34. Nh6+ {[%clk 0:03:21]} Kh8
{[%clk 0:02:15]} 35. Rxg7 {[%clk 0:03:42]} Nf6 {[%clk 0:02:44]} 36. f3
{[%clk 0:01:06]} Rxa4 {[%clk 0:01:06]} 37. Rg3 {[%clk 0:01:31]}
1-0

[Event "Landsturneringen 2017"]
[Site "Clarion Energy Hotel, Stavanger"]
[Date "2017.07.05"]
[Round "6"]
[White "Tari, Aryan"]
[Black "Agdestein, Simen"]
[Result "1/2-1/2"]
[WhiteElo "2593"]
[BlackElo "2604"]
[PlyCount "215"]

1. e4 {[%clk 1:30:55]} c5 {[%clk 1:30:51]} 2. Nf3 {[%clk 1:31:11]} d6
{[%clk 1:30:52]} 3. Bb5+ {[%clk 1:29:41]} Bd7 {[%clk 1:29:14]} 4. c4
{[%clk 1:29:59]} e5 {[%clk 1:14:36]} 5. Bxd7+ {[%clk 1:24:54]} Qxd7
{[%clk 1:14:43]} 6. Nc3 {[%clk 1:23:19]} Be7 {[%clk 1:13:33]} 7. a3
{[%clk 1:18:41]} Nc6 {[%clk 1:11:52]} 8. O-O {[%clk 1:13:09]} Bd8
{[%clk 1:11:10]} 9. b4 {[%clk 1:08:24]} Nge7 {[%clk 1:06:25]} 10. Rb1
{[%clk 1:05:13]} O-O {[%clk 1:05:17]} 11. d3 {[%clk 1:04:07]} f5 {[%clk 0:53:45]}
12. bxc5 {[%clk 0:56:41]} dxc5 {[%clk 0:53:53]} 13. Nd5 {[%clk 0:56:47]} Ba5
{[%clk 0:36:19]} 14. Bb2 {[%clk 0:33:29]} Ng6 {[%clk 0:32:00]} 15. Ng5
{[%clk 0:27:51]} h6 {[%clk 0:25:22]} 16. exf5 {[%clk 0:27:30]} Qxf5
{[%clk 0:22:50]} 17. Ne4 {[%clk 0:27:42]} b6 {[%clk 0:21:41]} 18. Ne3
{[%clk 0:18:59]} Qf7 {[%clk 0:17:11]} 19. g3 {[%clk 0:17:37]} Rad8
{[%clk 0:15:05]} 20. Qe2 {[%clk 0:14:22]} Nd4 {[%clk 0:10:06]} 21. Bxd4
{[%clk 0:14:41]} exd4 {[%clk 0:09:53]} 22. Nd5 {[%clk 0:08:58]} Qf3
{[%clk 0:10:18]} 23. Qxf3 {[%clk 0:07:13]} Rxf3 {[%clk 0:10:44]} 24. Rb5
{[%clk 0:05:58]} Rxd3 {[%clk 0:02:47]} 25. Nxc5 {[%clk 0:06:19]} Rxa3
{[%clk 0:02:47]} 26. Ne6 {[%clk 0:02:56]} Rd7 {[%clk 0:03:05]} 27. Nxd4
{[%clk 0:02:47]} Ne5 {[%clk 0:03:09]} 28. Nc2 {[%clk 0:02:38]} Ra4
{[%clk 0:01:09]} 29. Nxb6 {[%clk 0:02:50]} Bxb6 {[%clk 0:01:01]} 30. Rxe5
{[%clk 0:03:19]} Rxc4 {[%clk 0:01:23]} 31. Ne3 {[%clk 0:03:45]} Rc5
{[%clk 0:01:18]} 32. Rxc5 {[%clk 0:03:26]} Bxc5 {[%clk 0:01:47]} 33. Rc1
{[%clk 0:03:43]} Bb6 {[%clk 0:01:07]} 34. h4 {[%clk 0:03:45]} Kf7
{[%clk 0:01:11]} 35. Rc2 {[%clk 0:01:58]} Bxe3 {[%clk 0:00:33]} 36. fxe3
{[%clk 0:02:25]} a5 {[%clk 0:01:01]} 37. Rc4 {[%clk 0:01:28]} Ra7
{[%clk 0:01:10]} 38. Ra4 {[%clk 0:01:55]} Ke6 {[%clk 0:01:35]} 39. e4
{[%clk 0:01:23]} Kd6 {[%clk 0:01:54]} 40. Kf2 {[%clk 0:01:42]} Kc5
{[%clk 0:02:20]} 41. Ke3 {[%clk 0:28:49]} Kb5 {[%clk 0:32:11]} 42. Ra1
{[%clk 0:19:22]} a4 {[%clk 0:25:36]} 43. Kd4 {[%clk 0:17:06]} Kc6
{[%clk 0:25:29]} 44. Ke5 {[%clk 0:15:20]} Kd7 {[%clk 0:25:34]} 45. Kf5
{[%clk 0:13:31]} a3 {[%clk 0:22:57]} 46. Ra2 {[%clk 0:12:13]} Ke7
{[%clk 0:19:08]} 47. e5 {[%clk 0:11:26]} Ra6 {[%clk 0:12:27]} 48. e6
{[%clk 0:10:08]} h5 {[%clk 0:04:52]} 49. Kg6 {[%clk 0:07:53]} Kxe6
{[%clk 0:05:17]} 50. Kxh5 {[%clk 0:07:01]} Kd5 {[%clk 0:05:29]} 51. g4
{[%clk 0:06:19]} Kc4 {[%clk 0:03:09]} 52. g5 {[%clk 0:06:01]} Kb3
{[%clk 0:03:29]} 53. Rg2 {[%clk 0:05:52]} a2 {[%clk 0:03:48]} 54. Rg1
{[%clk 0:05:45]} Rb6 {[%clk 0:03:18]} 55. Rf1 {[%clk 0:02:45]} Kb2
{[%clk 0:01:23]} 56. Rf2+ {[%clk 0:02:55]} Ka3 {[%clk 0:01:40]} 57. Rf1
{[%clk 0:03:07]} Kb3 {[%clk 0:00:45]} 58. Rf3+ {[%clk 0:01:37]} Ka4
{[%clk 0:00:49]} 59. Rf1 {[%clk 0:01:47]} Rc6 {[%clk 0:00:40]} 60. Rf7
{[%clk 0:00:34]} Ka5 {[%clk 0:00:44]} 61. Rf1 {[%clk 0:00:46]} Kb4
{[%clk 0:00:40]} 62. Re1 {[%clk 0:00:32]} Kc3 {[%clk 0:00:38]} 63. Rc1+
{[%clk 0:00:34]} Kb2 {[%clk 0:00:34]} 64. Rxc6 {[%clk 0:01:03]} a1=Q
{[%clk 0:01:02]} 65. Kg6 {[%clk 0:00:52]} Qa4 {[%clk 0:00:53]} 66. Re6
{[%clk 0:00:53]} Qd7 {[%clk 0:00:51]} 67. Re2+ {[%clk 0:00:45]} Kc3
{[%clk 0:01:12]} 68. Rf2 {[%clk 0:00:59]} Qd4 {[%clk 0:00:35]} 69. Rf7
{[%clk 0:01:16]} Qxh4 {[%clk 0:00:54]} 70. Rxg7 {[%clk 0:01:43]} Qe4+
{[%clk 0:00:45]} 71. Kf6 {[%clk 0:01:52]} Qc6+ {[%clk 0:00:48]} 72. Kf5
{[%clk 0:02:08]} Qd5+ {[%clk 0:01:06]} 73. Kf6 {[%clk 0:02:27]} Qd6+
{[%clk 0:01:25]} 74. Kf5 {[%clk 0:02:03]} Qf8+ {[%clk 0:01:30]} 75. Kg6
{[%clk 0:02:26]} Kd4 {[%clk 0:01:39]} 76. Rf7 {[%clk 0:02:35]} Qg8+
{[%clk 0:01:35]} 77. Kf6 {[%clk 0:02:50]} Qd8+ {[%clk 0:01:19]} 78. Kf5
{[%clk 0:02:24]} Qd5+ {[%clk 0:01:16]} 79. Kg6 {[%clk 0:02:36]} Qe6+
{[%clk 0:01:01]} 80. Rf6 {[%clk 0:02:19]} Qg8+ {[%clk 0:01:21]} 81. Kf5
{[%clk 0:01:31]} Qh7+ {[%clk 0:01:02]} 82. Kg4 {[%clk 0:00:44]} Ke5
{[%clk 0:01:15]} 83. Rf8 {[%clk 0:00:55]} Qe4+ {[%clk 0:00:43]} 84. Kh5
{[%clk 0:01:14]} Qb4 {[%clk 0:00:46]} 85. Rf6 {[%clk 0:01:33]} Qb8
{[%clk 0:00:50]} 86. Kg4 {[%clk 0:01:01]} Qc8+ {[%clk 0:00:51]} 87. Kh4
{[%clk 0:01:18]} Qd7 {[%clk 0:00:52]} 88. Rf8 {[%clk 0:00:50]} Qa4+
{[%clk 0:00:43]} 89. Kh5 {[%clk 0:01:01]} Qa3 {[%clk 0:00:48]} 90. Rf6
{[%clk 0:00:59]} Qh3+ {[%clk 0:01:13]} 91. Kg6 {[%clk 0:01:28]} Qh8
{[%clk 0:01:28]} 92. Rf2 {[%clk 0:01:25]} Ke4 {[%clk 0:01:05]} 93. Rf6
{[%clk 0:01:35]} Ke3 {[%clk 0:00:45]} 94. Rf5 {[%clk 0:01:20]} Qg8+
{[%clk 0:00:43]} 95. Kh6 {[%clk 0:01:39]} Ke4 {[%clk 0:00:45]} 96. Rf6
{[%clk 0:01:55]} Ke5 {[%clk 0:00:42]} 97. Rf2 {[%clk 0:01:57]} Qc4
{[%clk 0:00:49]} 98. Rf6 {[%clk 0:02:07]} Qg4 {[%clk 0:00:46]} 99. Kg6
{[%clk 0:02:09]} Qh3 {[%clk 0:00:51]} 100. Rf8 {[%clk 0:02:09]} Ke6
{[%clk 0:00:50]} 101. Rf6+ {[%clk 0:02:20]} Ke7 {[%clk 0:01:07]} 102. Rf7+
{[%clk 0:02:42]} Ke8 {[%clk 0:01:34]} 103. Rf6 {[%clk 0:02:46]} Qd3+
{[%clk 0:01:43]} 104. Kh6 {[%clk 0:02:53]} Ke7 {[%clk 0:01:50]} 105. Kh5
{[%clk 0:02:20]} Qh7+ {[%clk 0:01:54]} 106. Kg4 {[%clk 0:02:49]} Qh2
{[%clk 0:01:02]} 107. Kf5 {[%clk 0:02:57]} Qc2+ {[%clk 0:00:49]} 108. Kg4
{[%clk 0:03:18]}
1/2-1/2